[Event "EU Amateur-ch"]
[Site "Ruzomberok"]
[Date "2016.06.12"]
[Round "9"]
[White "Berec, Imrich"]
[Black "Sacharewicz, Krzysztof"]
[Result "1/2-1/2"]
[WhiteElo "1835"]
[BlackElo "1741"]
[PlyCount "48"]
[EventDate "2016.06.06"]
[EventType "swiss"]
[EventRounds "9"]
[EventCountry "SVK"]
[SourceTitle "CBM 172 Extra"]
[Source "ChessBase"]
[SourceDate "2016.06.21"]
[SourceVersion "1"]
[SourceVersionDate "2016.06.21"]
[SourceQuality "1"]

1. d4 d5 2. Nf3 Nf6 3. e3 g6 4. Be2 Bg7 5. Nbd2 Nbd7 6. c3 0-0 7. 0-0 e5 8. Nxe5 Nxe5 9. dxe5 Ne4 10. Nxe4 dxe4 11. Qc2 Bf5 12. b3 Bxe5 13. g3 h5 14. Ba3 Re8 15. Rfd1 Qf6 16. Rac1 Rad8 17. c4 h4 18. Rxd8 Rxd8 19. Rd1 hxg3 20. Rxd8+ Qxd8 21. hxg3 Qg5 22. Bf1 Qd8 23. Bb4 Qd7 24. Qd2 Qxd2 1/2-1/2

[Event "EU Amateur-ch"]
[Site "Ruzomberok"]
[Date "2016.06.07"]
[Round "2"]
[White "Colompar, Ladislau Alexandru"]
[Black "Berec, Imrich"]
[Result "1/2-1/2"]
[WhiteElo "1754"]
[BlackElo "1835"]
[PlyCount "52"]
[EventDate "2016.06.06"]
[EventType "swiss"]
[EventRounds "9"]
[EventCountry "SVK"]
[SourceTitle "CBM 172 Extra"]
[Source "ChessBase"]
[SourceDate "2016.06.21"]
[SourceVersion "1"]
[SourceVersionDate "2016.06.21"]
[SourceQuality "1"]

1. d4 d5 2. e3 e6 3. Nf3 Nf6 4. Bd3 Be7 5. 0-0 0-0 6. Nbd2 c6 7. Qe2 Nbd7 8. Ne5 c5 9. b3 Nxe5 10. dxe5 Ne8 11. f4 f5 12. Rf3 g6 13. Bb2 Ng7 14. Rh3 b6 15. g4 Bb7 16. g5 d4 17. exd4 cxd4 18. Kf2 Qd5 19. Rg1 Bc5 20. Rgg3 Rad8 21. Rh6 Rd7 22. Qf1 Nh5 23. Rxh5 gxh5 24. Qh3 Rg7 25. Qxh5 Qd7 26. Nf3 Bxf3 1/2-1/2

[Event "EU Amateur-ch"]
[Site "Ruzomberok"]
[Date "2016.06.06"]
[Round "1"]
[White "Berec, Imrich"]
[Black "Bargil, Benny"]
[Result "1-0"]
[WhiteElo "1835"]
[BlackElo "1576"]
[PlyCount "63"]
[EventDate "2016.06.06"]
[EventType "swiss"]
[EventRounds "9"]
[EventCountry "SVK"]
[SourceTitle "CBM 172 Extra"]
[Source "ChessBase"]
[SourceDate "2016.06.21"]
[SourceVersion "1"]
[SourceVersionDate "2016.06.21"]
[SourceQuality "1"]

1. c3 e5 2. g3 Nc6 3. Bg2 Nf6 4. d3 d5 5. Bg5 Be7 6. Nd2 h6 7. Bxf6 Bxf6 8. Qc2 Be6 9. Ngf3 Qd7 10. 0-0 Bh3 11. e4 Bxg2 12. Kxg2 0-0-0 13. Rfd1 Kb8 14. a4 d4 15. Nc4 dxc3 16. bxc3 Qe6 17. a5 a6 18. Ne3 Ne7 19. Rab1 Ka8 20. Qb2 Rb8 21. Nd2 h5 22. d4 c6 23. f3 g5 24. h3 Rhd8 25. Ndc4 g4 26. hxg4 hxg4 27. Nb6+ Ka7 28. Nxg4 Bg7 29. Qb4 f5 30. Qc5 Rbc8 31. Nxc8+ Kb8 32. Qa7+ 1-0